Normal view MARC view

Entry Corporate Name

Number of records used in: 1

001 - CONTROL NUMBER

  • control field: 2763

003 - CONTROL NUMBER IDENTIFIER

  • control field: TZ-ArACH

005 - DATE AND TIME OF LATEST TRANSACTION

  • control field: 20111012103907.0

008 - FIXED-LENGTH DATA ELEMENTS

  • fixed length control field: 111012|||a|||||| | ||| d

040 ## - CATALOGING SOURCE

  • Original cataloging agency: TZ-ArACH
  • Transcribing agency: TZ-ArACH

110 ## - HEADING--CORPORATE NAME

  • Corporate name or jurisdiction name as entry element: Association syndicale des magistrats (Belgique).
  • Relator term: Organisation du congrès.

670 ## - SOURCE DATA FOUND

  • Source citation: Work cat.: (TZ-ArACH)1383: Beernaert, Marie-Aude. Auteur. 2755, Les droits de l'homme et l'efficacité de la justice, DL 2010.

670 ## - SOURCE DATA FOUND

  • Source citation: Work cat.: (TZ-ArACH)1383: Beernaert, Marie-Aude. Auteur. 2755, Les droits de l'homme et l'efficacité de la justice, DL 2010.

African Court on Human and Peoples' Rights | For Inquiries Contact » +255 272 510 510